[Event "Barber/Rockefeller Qualifier"]
[Site "Chess.com"]
[Date "2020.04.11"]
[Round "?"]
[White "Kona, Vidip"]
[Black "Zhang, Michelle"]
[Result "0-1"]
[WhiteElo "1621"]
[BlackElo "1371"]
[PlyCount "56"]
[EventDate "2020.??.??"]

1. e4 c5 2. Nf3 e6 3. d4 cxd4 4. Nxd4 a6 5. Nc3 Qc7 6. g3 Nf6 7. Bg2 Bc5 8. O-O
d6 9. Kh1 O-O 10. Bg5 Nbd7 11. f4 b5 12. e5 dxe5 13. Bxa8 exd4 14. Nb1 Bb7+ 15.
Bxb7 Qxb7+ 16. Qf3 Qc7 17. Nd2 Nd5 18. Ne4 Bb6 19. Qe2 Ne3 20. Rf3 Qc6 21. Qd3
Nc5 22. Qe2 Qxe4 23. Re1 Qxc2 24. Rxe3 Qf5 25. Be7 dxe3 26. Bxf8 Kxf8 27. Qxe3
Qd5+ 28. Kg1 Na4 0-1

[Event "Barber/Rockefeller Qualifier"]
[Site "Chess.com"]
[Date "2020.04.11"]
[Round "?"]
[White "Liu, Yuntao"]
[Black "Kona, Vidip"]
[Result "0-1"]
[WhiteElo "1408"]
[BlackElo "1621"]
[PlyCount "82"]
[EventDate "2020.??.??"]

1. b3 Nf6 2. Bb2 g6 3. e3 Bg7 4. f4 d6 5. Nf3 Nbd7 6. d3 O-O 7. Be2 e5 8. fxe5
dxe5 9. Nbd2 Nd5 10. Nc4 b5 11. e4 Nf4 12. Ne3 Bb7 13. g3 Nxe2 14. Qxe2 c5 15.
O-O-O a5 16. h4 a4 17. bxa4 Rxa4 18. a3 Qa5 19. c3 b4 20. Nc4 Qa6 21. axb4 cxb4
22. cxb4 Rxb4 23. h5 Bh6+ 24. Kc2 Qa2 25. Nfd2 Rc8 26. Rb1 Qa4+ 27. Kc1 Rcxc4+
28. dxc4 Rxc4+ 29. Qxc4 Qxc4+ 30. Kd1 Qd3 31. Rh2 Bxd2 32. Rxd2 Qxb1+ 33. Ke2
Qxe4+ 34. Kd1 Bd5 35. h6 Bb3+ 36. Rc2 Bxc2+ 37. Kc1 Bb3 38. Kd2 Qc2+ 39. Ke3
Qxb2 40. g4 Bd1 41. Kd3 Qd4# 0-1

[Event "Barber/Rockefeller Qualifier"]
[Site "Chess.com"]
[Date "2020.04.11"]
[Round "?"]
[White "Kona, Vidip"]
[Black "Sripathi, Prajna"]
[Result "1/2-1/2"]
[WhiteElo "1621"]
[BlackElo "1351"]
[PlyCount "89"]
[EventDate "2020.??.??"]

1. e4 e5 2. Nf3 Nc6 3. Bb5 d6 4. d4 Bd7 5. d5 Nce7 6. Qd3 Nf6 7. Bg5 a6 8.
Bxd7+ Nxd7 9. Nbd2 Nb6 10. O-O-O Qd7 11. Nc4 Qb5 12. Nxb6 Qxb6 13. Be3 Qb5 14.
Qxb5+ axb5 15. a3 c6 16. Nxe5 dxe5 17. d6 Ng6 18. d7+ Ke7 19. Bb6 Rd8 20. Bxd8+
Kxd8 21. g3 Be7 22. h4 h5 23. Rhe1 Kc7 24. Re2 Rd8 25. Red2 Nf8 26. Rd3 Rxd7
27. Rf3 Rxd1+ 28. Kxd1 f6 29. Rf5 g6 30. Rf3 Nd7 31. Re3 Bc5 32. Re2 b4 33.
axb4 Bxb4 34. f4 Bc5 35. f5 gxf5 36. exf5 Kd8 37. Rg2 Nb6 38. g4 Nd5 39. Rd2
Ke8 40. gxh5 Bf8 41. Ke2 Nf4+ 42. Kf3 Nxh5 43. Rg2 Kf7 44. Rg4 Nf4 45. Ke4
1/2-1/2

[Event "Barber/Rockefeller Qualifier"]
[Site "Chess.com"]
[Date "2020.04.12"]
[Round "?"]
[White "Wang, Ted"]
[Black "Kona, Vidip"]
[Result "0-1"]
[WhiteElo "1280"]
[BlackElo "1621"]
[PlyCount "96"]
[EventDate "2020.??.??"]

1. e4 e6 2. d4 d5 3. e5 c5 4. c3 Qb6 5. Nf3 Nc6 6. Qb3 Nge7 7. Bg5 Nf5 8. Qxb6
axb6 9. Be3 c4 10. Nbd2 b5 11. Be2 b4 12. O-O bxc3 13. bxc3 Ra3 14. Nb1 Ra5 15.
Nbd2 b5 16. Rab1 b4 17. cxb4 Bxb4 18. Rb2 Bc3 19. Rc2 Bxd4 20. Bxd4 Ncxd4 21.
Bd1 Nxc2 22. Bxc2 Rxa2 23. Bb1 Rb2 24. Rc1 Ke7 25. g4 Nh6 26. h3 Ba6 27. Nf1 c3
28. Ng3 Rc8 29. Bc2 Bc4 30. Nd4 Kd7 31. g5 Ng8 32. Nh5 g6 33. Nf6+ Nxf6 34.
exf6 e5 35. Ba4+ Kd6 36. Nf3 Be2 37. Ne1 d4 38. Bc2 Kd5 39. f3 Kc4 40. Kf2 d3
41. Ke3 d2 42. Ra1 dxe1=Q 43. Rxe1 Rxc2 44. Rxe2 Rxe2+ 45. Kxe2 c2 46. Kd2 Kb3
47. Kc1 Rd8 48. f4 Rd1# 0-1

[Event "Barber/Rockefeller Qualifier"]
[Site "Chess.com"]
[Date "2020.04.12"]
[Round "?"]
[White "Kona, Vidip"]
[Black "Li, Edward"]
[Result "0-1"]
[WhiteElo "1621"]
[BlackElo "1595"]
[PlyCount "96"]
[EventDate "2020.??.??"]

1. e4 e5 2. Nf3 Nc6 3. Bb5 a6 4. Ba4 d6 5. d4 b5 6. Bb3 Nxd4 7. Nxd4 exd4 8.
Bd5 Rb8 9. Qxd4 Nf6 10. Bc6+ Bd7 11. Bxd7+ Qxd7 12. Bg5 Qg4 13. Bxf6 gxf6 14.
O-O Be7 15. f3 Qg6 16. Kh1 O-O 17. f4 Rfe8 18. Rf3 Kh8 19. Nd2 Rg8 20. Rg1 Rb6
21. g4 Qg7 22. h4 Qh6 23. Qf2 f5 24. g5 Qg6 25. exf5 Qxf5 26. Qd4+ f6 27. Ne4
d5 28. Nf2 Qxc2 29. Ng4 Bc5 30. Qd1 Qxb2 31. Rg2 Qd4 32. Rd2 Qe4 33. Rxd5 f5
34. Nh2 Rd6 35. Rxd6 Bxd6 36. h5 Bxf4 37. h6 Bxh2 38. Kxh2 Qe5+ 39. Kh1 Rxg5
40. Re3 Rh5+ 41. Kg2 Rh2+ 42. Kf3 Rh3+ 43. Kg2 Qh2+ 44. Kf1 Qh1+ 45. Kf2 Qh2+
46. Kf1 Qf4+ 47. Kg2 Rh2+ 48. Kg1 Qf2# 0-1

[Event "Barber/Rockefeller Qualifier"]
[Site "Chess.com"]
[Date "2020.04.11"]
[Round "?"]
[White "Cheng, Ethan"]
[Black "Li, Edward"]
[Result "0-1"]
[WhiteElo "1357"]
[BlackElo "1595"]
[PlyCount "48"]
[EventDate "2020.??.??"]

1. c4 c5 2. Nc3 e6 3. g3 Nf6 4. Bg2 Nc6 5. Nf3 Be7 6. O-O O-O 7. d3 d5 8. Nd2
b6 9. cxd5 exd5 10. Nb3 Be6 11. Bf4 Bd6 12. e3 Bxf4 13. exf4 Qd7 14. Re1 Rfe8
15. Qd2 Rad8 16. Rac1 Bf5 17. a3 Be6 18. Na1 Nd4 19. b4 Bh3 20. Bh1 Qg4 21. Re3
Rxe3 22. Qxe3 Re8 23. Nxd5 Ne2+ 24. Qxe2 Qxe2 0-1

[Event "Barber/Rockefeller Qualifier"]
[Site "Chess.com"]
[Date "2020.04.12"]
[Round "?"]
[White "Li, Edward"]
[Black "Zhang, Michael"]
[Result "1-0"]
[WhiteElo "1595"]
[BlackElo "1203"]
[PlyCount "95"]
[EventDate "2020.??.??"]

1. e4 e5 2. Nf3 Nc6 3. Nc3 Nf6 4. Bb5 Bb4 5. O-O O-O 6. d3 h6 7. Bxc6 dxc6 8.
Nxe5 Re8 9. Nf3 Bg4 10. h3 Bh5 11. a3 Be7 12. Bf4 Bc5 13. Bg3 Qd7 14. d4 Bxd4
15. Qxd4 Bxf3 16. Qxd7 Nxd7 17. gxf3 Rac8 18. Rad1 Nf6 19. Bf4 g5 20. Be3 a5
21. Rfe1 Rcd8 22. Rxd8 Rxd8 23. f4 gxf4 24. Bxf4 Rc8 25. Bxh6 Kh7 26. Bf4 c5
27. Nb5 c6 28. Nd6 Rf8 29. Nxb7 Rb8 30. Bxb8 Nd7 31. Bg3 Nf6 32. e5 Nd5 33.
Nxa5 Nc7 34. Nxc6 c4 35. e6 Nxe6 36. Rxe6 fxe6 37. a4 Kg7 38. a5 Kg6 39. a6 Kf5
40. a7 Ke4 41. a8=Q Kf5 42. Nd4+ Kf6 43. Qd8+ Kg6 44. Qg8+ Kf6 45. Qxe6+ Kg5
46. f4+ Kh5 47. f5 c3 48. Qg6# 1-0

[Event "Barber/Rockefeller Qualifier"]
[Site "Chess.com"]
[Date "2020.04.11"]
[Round "?"]
[White "Zhou, Leonardo"]
[Black "Sripathi, Prajna"]
[Result "1-0"]
[WhiteElo "1594"]
[BlackElo "1351"]
[PlyCount "107"]
[EventDate "2020.??.??"]

1. e4 e5 2. Nf3 Nc6 3. Bb5 d6 4. d4 Bd7 5. O-O Nf6 6. Re1 Ne7 7. Bxd7+ Qxd7 8.
dxe5 dxe5 9. Qxd7+ Nxd7 10. Nc3 g6 11. Nd5 Nxd5 12. exd5 Bg7 13. b3 O-O 14. Bb2
Rfe8 15. c4 e4 16. Bxg7 Kxg7 17. Nd4 a6 18. Re2 Re7 19. Rae1 Rae8 20. f3 Nf6
21. Nc2 Kf8 22. Kf2 exf3 23. Rxe7 Rxe7 24. Rxe7 Kxe7 25. Kxf3 Nd7 26. Ke4 Nc5+
27. Kd4 b6 28. Nb4 Kd6 29. Nc6 a5 30. Ne5 Ke7 31. Nd3 Nxd3 32. Kxd3 Kd6 33. Kd4
f6 34. a3 Kd7 35. c5 b5 36. a4 b4 37. g4 h6 38. h4 c6 39. d6 Ke6 40. Ke4 f5+
41. gxf5+ gxf5+ 42. Kf4 h5 43. d7 Kd5 44. d8=Q+ Kxc5 45. Qxa5+ Kd4 46. Qxb4+
Kd5 47. a5 c5 48. Qb5 Kd4 49. a6 Kc3 50. a7 c4 51. Qxc4+ Kb2 52. a8=Q Kb1 53.
b4 Kb2 54. Qaa2# 1-0

[Event "Barber/Rockefeller Qualifier"]
[Site "Chess.com"]
[Date "2020.04.12"]
[Round "?"]
[White "Zhou, Leonardo"]
[Black "Seth, Shreshth"]
[Result "1-0"]
[WhiteElo "1594"]
[BlackElo "1520"]
[PlyCount "73"]
[EventDate "2020.??.??"]

1. e4 e6 2. d4 d5 3. exd5 exd5 4. Bd3 Bd6 5. h3 Nf6 6. Nf3 O-O 7. O-O Re8 8. c3
Nbd7 9. Nbd2 Ne4 10. Re1 Ndf6 11. Qc2 Nxd2 12. Bxd2 Bd7 13. Bg5 h6 14. Rxe8+
Bxe8 15. Bd2 a6 16. Re1 Bb5 17. Ne5 Bxd3 18. Qxd3 Ne4 19. Bc1 c5 20. Nf3 cxd4
21. Nxd4 Qf6 22. Qf3 Qxf3 23. Nxf3 Bc5 24. Be3 Bxe3 25. Rxe3 Re8 26. Nd4 Nf6
27. Rxe8+ Nxe8 28. Kf1 Nf6 29. Ke2 Kf8 30. Ke3 Ke7 31. Nf5+ Kf8 32. Kd4 g6 33.
Ne3 Ne4 34. f3 Ng3 35. Kxd5 Nh5 36. Kc5 Nf4 37. Kb6 1-0

[Event "Barber/Rockefeller Qualifier"]
[Site "Chess.com"]
[Date "2020.04.12"]
[Round "?"]
[White "Zhang, Michelle"]
[Black "Zhou, Leonardo"]
[Result "0-1"]
[WhiteElo "1371"]
[BlackElo "1594"]
[PlyCount "74"]
[EventDate "2020.??.??"]

1. e4 e5 2. Nf3 Nc6 3. Bc4 Bc5 4. c3 Nf6 5. d4 exd4 6. cxd4 Bb4+ 7. Bd2 Bxd2+
8. Nbxd2 d6 9. d5 Ne7 10. O-O O-O 11. Re1 Ng6 12. h3 Re8 13. Qb3 b6 14. Rac1
Nd7 15. Bb5 Nc5 16. Rxc5 bxc5 17. Bxe8 Qxe8 18. Nc4 f6 19. Qc3 Ba6 20. b3 Bxc4
21. bxc4 Rb8 22. Qa5 Rb7 23. Qa6 Qb8 24. Qc6 Nf8 25. Kh2 Rb4 26. e5 fxe5 27.
Nxe5 dxe5 28. Rxe5 Qb6 29. Qe8 Qf6 30. Re2 Qf4+ 31. g3 Qxc4 32. Re5 Qc2 33. Re2
Qf5 34. Rd2 Re4 35. Qd8 Qf3 36. Qxc7 Re1 37. Rd1 Qxf2# 0-1

[Event "Barber/Rockefeller Qualifier"]
[Site "Chess.com"]
[Date "2020.04.11"]
[Round "?"]
[White "Tran, Nugen"]
[Black "Jammalamadaka, Varnika"]
[Result "0-1"]
[WhiteElo "1344"]
[BlackElo "1592"]
[PlyCount "64"]
[EventDate "2020.??.??"]

1. d4 d5 2. c4 c6 3. Nc3 dxc4 4. e4 b5 5. a4 b4 6. Na2 e6 7. Bxc4 Nf6 8. Bg5
Be7 9. Bxf6 Bxf6 10. e5 Be7 11. Nf3 O-O 12. O-O Nd7 13. Qd2 a5 14. Rac1 Nb6 15.
Bb3 Bb7 16. Bc2 Ba6 17. Bd3 Bxd3 18. Qxd3 Rc8 19. b3 c5 20. Qb5 cxd4 21. Qxa5
Nd5 22. Qxd8 Rcxd8 23. Nxd4 Nf4 24. Rcd1 Rxd4 25. Rxd4 Ne2+ 26. Kh1 Nxd4 27.
Rd1 Nxb3 28. Nxb4 Bxb4 29. Rb1 Rd8 30. h3 Rd3 31. Kg1 h6 32. Kf1 Nd2+ 0-1

[Event "Barber/Rockefeller Qualifier"]
[Site "Chess.com"]
[Date "2020.04.12"]
[Round "?"]
[White "Merriman, Dann"]
[Black "Jammalamadaka, Varnika"]
[Result "0-1"]
[WhiteElo "1464"]
[BlackElo "1592"]
[PlyCount "96"]
[EventDate "2020.??.??"]

1. e4 c5 2. c3 d5 3. exd5 Qxd5 4. d4 e6 5. Nf3 Nf6 6. Bf4 Be7 7. Be2 O-O 8. O-O
Nc6 9. Bd3 Rd8 10. Be3 cxd4 11. cxd4 Bb4 12. Nc3 Bxc3 13. bxc3 b6 14. Qd2 Bb7
15. Rad1 Re8 16. Rfe1 Rac8 17. a3 Ne4 18. Qe2 Nxc3 19. Qd2 Nxd1 20. Qxd1 Rcd8
21. Qd2 e5 22. Rd1 e4 23. Be2 exf3 24. Bxf3 Qd7 25. d5 Ne5 26. Be4 Ng6 27. Bf3
Nh4 28. Bh5 Qxd5 29. Qxd5 Rxd5 30. Rxd5 Bxd5 31. Kf1 Nxg2 32. Ke2 Nxe3 33. fxe3
Re5 34. Bf3 Bxf3+ 35. Kxf3 Ra5 36. Kf4 Rxa3 37. Kf5 Rxe3 38. h3 Rxh3 39. Kg4
Rc3 40. Kf4 a5 41. Kg4 a4 42. Kf5 a3 43. Kg5 a2 44. Kf5 a1=Q 45. Kg5 Qf1 46.
Kg4 Qf3+ 47. Kg5 Rc5+ 48. Kh4 g5# 0-1

[Event "Barber/Rockefeller Qualifier"]
[Site "Chess.com"]
[Date "2020.04.11"]
[Round "?"]
[White "Zhu, Jamie"]
[Black "Kwan, Joshua"]
[Result "1/2-1/2"]
[WhiteElo "1581"]
[BlackElo "1329"]
[PlyCount "99"]
[EventDate "2020.??.??"]

1. e4 e5 2. Nf3 Nc6 3. Bc4 Bc5 4. Nc3 Nf6 5. d3 O-O 6. Bg5 h6 7. Bh4 d6 8. Nd5
Bg4 9. Nxf6+ gxf6 10. Qd2 Kh7 11. O-O-O Qe7 12. c3 Rg8 13. Rhg1 Rg6 14. h3 Be6
15. Bxe6 fxe6 16. g4 d5 17. Rde1 d4 18. a3 Na5 19. Kb1 dxc3 20. Qxc3 Nc6 21.
Nxe5 Nxe5 22. Qxe5 Bxf2 23. Ref1 Bxg1 24. Rxg1 fxe5 25. Bxe7 Re8 26. Bh4 Rf8
27. Bg3 Rf3 28. Bxe5 Rxd3 29. Bxc7 Rxh3 30. Be5 Rh5 31. Bd4 Rb5 32. Bxa7 h5 33.
Be3 hxg4 34. Rh1+ Kg7 35. Bd4+ e5 36. Bc3 Kf6 37. Rf1+ Ke6 38. Rf2 g3 39. Rg2
Rc5 40. Kc2 b5 41. Kd3 Rc7 42. Ke2 Rh7 43. Kf3 Rh3 44. Be1 Rh2 45. b3 Rxg2 46.
Kxg2 Rg8 47. a4 bxa4 48. bxa4 Ra8 49. a5 Kd6 50. Kxg3 1/2-1/2

[Event "Barber/Rockefeller Qualifier"]
[Site "Chess.com"]
[Date "2020.04.11"]
[Round "?"]
[White "Han, Shuyi"]
[Black "Zhu, Jamie"]
[Result "0-1"]
[WhiteElo "1106"]
[BlackElo "1581"]
[PlyCount "52"]
[EventDate "2020.??.??"]

1. e4 e5 2. Nf3 Nc6 3. Bc4 Bc5 4. O-O Nf6 5. d3 d6 6. h3 Be6 7. Bxe6 fxe6 8.
Ng5 Qe7 9. Nc3 h6 10. Nf3 g5 11. Bd2 Nh5 12. Nh2 Nf4 13. Ng4 h5 14. Ne3 O-O-O
15. Na4 Bb6 16. Nxb6+ axb6 17. a4 g4 18. hxg4 hxg4 19. f3 gxf3 20. Rxf3 Qh4 21.
Kf1 Nd4 22. Rxf4 exf4 23. Nc4 Qg3 24. Kg1 f3 25. Ne3 f2+ 26. Kf1 Rh1# 0-1

[Event "Barber/Rockefeller Qualifier"]
[Site "Chess.com"]
[Date "2020.04.12"]
[Round "?"]
[White "Zhu, Jamie"]
[Black "Zhang, Iris"]
[Result "0-1"]
[WhiteElo "1581"]
[BlackElo "1578"]
[PlyCount "88"]
[EventDate "2020.??.??"]

1. e4 e6 2. d4 d5 3. Nd2 c5 4. Ngf3 Nc6 5. c3 cxd4 6. cxd4 Nge7 7. Bd3 dxe4 8.
Nxe4 Nd5 9. O-O Be7 10. Bb1 O-O 11. Neg5 h6 12. Qc2 f5 13. Nh3 Bf6 14. Rd1 Qb6
15. Nf4 Nxf4 16. Bxf4 Nxd4 17. Nxd4 Bxd4 18. Bc1 e5 19. a4 a5 20. Ra3 Be6 21.
Ba2 Bxa2 22. Rxa2 Rac8 23. Qe2 Rc7 24. Be3 Bxe3 25. Qxe3 Qxe3 26. fxe3 e4 27.
Rd5 Rc2 28. Rxa5 f4 29. exf4 Rxf4 30. h3 Rff2 31. Rb5 Rxg2+ 32. Kh1 Rh2+ 33.
Kg1 Rcg2+ 34. Kf1 e3 35. Rxb7 e2+ 36. Ke1 Rh1+ 37. Kd2 e1=Q+ 38. Kd3 Rd2+ 39.
Kc3 Qe3+ 40. Kb4 Rd4+ 41. Kb5 Qe5+ 42. Kb6 Rd6+ 43. Ka7 Qa5+ 44. Kb8 Rd8# 0-1

[Event "Barber/Rockefeller Qualifier"]
[Site "Chess.com"]
[Date "2020.04.12"]
[Round "?"]
[White "Shanmugam, Meera"]
[Black "Zhu, Jamie"]
[Result "0-1"]
[WhiteElo "1469"]
[BlackElo "1581"]
[PlyCount "64"]
[EventDate "2020.??.??"]

1. e4 e5 2. Nf3 Nc6 3. Bc4 Bc5 4. c3 Bb6 5. d4 Qe7 6. d5 Nb8 7. Nbd2 d6 8. b4
Bg4 9. O-O Nd7 10. h3 h5 11. Re1 Qf6 12. a4 a6 13. a5 Ba7 14. Qe2 Ne7 15. hxg4
hxg4 16. Nh2 Qh4 17. Ndf1 g3 18. Be3 gxh2+ 19. Kh1 Bxe3 20. Qxe3 Nf6 21. Qg3
Nxe4 22. Qxh4 Rxh4 23. g3 Nxf2+ 24. Kg2 h1=Q+ 25. Kxf2 Rxc4 26. Ne3 Qh2+ 27.
Kf1 Rxc3 28. Ng2 Rf3+ 29. Ke2 Qxg2+ 30. Kd1 Rd3+ 31. Kc1 Qd2+ 32. Kb1 Rb3# 0-1

[Event "Barber/Rockefeller Qualifier"]
[Site "Chess.com"]
[Date "2020.04.11"]
[Round "?"]
[White "Bablani, Arnav"]
[Black "Zhang, Iris"]
[Result "0-1"]
[WhiteElo "1323"]
[BlackElo "1578"]
[PlyCount "84"]
[EventDate "2020.??.??"]

1. e4 e6 2. Nf3 d5 3. Nc3 c5 4. exd5 exd5 5. Bb5+ Nc6 6. Qe2+ Be6 7. Ng5 Qxg5
8. d4 Qxg2 9. Rf1 Nge7 10. Be3 Nf5 11. dxc5 d4 12. Bd2 dxc3 13. Bxc3 Be7 14.
O-O-O O-O 15. Rg1 Qh3 16. Bd3 Ncd4 17. Qe5 f6 18. Qe4 Rad8 19. Bf1 Qf3 20. Qe1
Bxc5 21. Bxd4 Nxd4 22. c3 Qf4+ 23. Kb1 Bf5+ 24. Bd3 Nf3 25. Qe2 Nxg1 26. Rxg1
Bxd3+ 27. Qxd3 Rxd3 28. h3 Bxf2 29. Rf1 Qd2 30. Rc1 Re3 31. h4 Re1 32. Rxe1
Bxe1 33. a3 Bxh4 34. Ka2 f5 35. c4 f4 36. c5 f3 37. c6 bxc6 38. Kb3 f2 39. Ka2
f1=Q 40. Kb3 Qfd3+ 41. Ka2 Q3c2 42. Ka1 Qxb2# 0-1

[Event "Barber/Rockefeller Qualifier"]
[Site "Chess.com"]
[Date "2020.04.11"]
[Round "?"]
[White "Saravanan, Sujan"]
[Black "Wang, Ted"]
[Result "1-0"]
[WhiteElo "1529"]
[BlackElo "1280"]
[PlyCount "149"]
[EventDate "2020.??.??"]

1. e4 c5 2. Nf3 Nc6 3. Bc4 e6 4. Nc3 Nf6 5. O-O d6 6. d4 cxd4 7. Nxd4 Be7 8.
Bg5 O-O 9. Bb5 Bd7 10. Qd3 Nxd4 11. Bxd7 Nxc2 12. Qxc2 Qxd7 13. Rad1 Qc7 14.
Qe2 h6 15. Bh4 Rac8 16. Rc1 Rfd8 17. h3 Qd7 18. e5 dxe5 19. Qxe5 Qd4 20. Bg3
Qb6 21. Na4 Qd6 22. Qxd6 Bxd6 23. Rxc8 Rxc8 24. Bxd6 Rc2 25. Be5 Nd5 26. Nc3
Nxc3 27. Bxc3 b5 28. Rb1 Kh7 29. Kf1 Kg6 30. Rd1 b4 31. Bd4 a5 32. Rb1 f6 33.
Bb6 a4 34. Ba5 a3 35. bxa3 bxa3 36. Ra1 Kf5 37. Bb4 Ke4 38. Bxa3 Kd3 39. Bf8
Rc7 40. a4 Ra7 41. a5 Kc4 42. Re1 e5 43. Re4+ Kb5 44. Rg4 Rxa5 45. Rxg7 Ra1+
46. Ke2 Ra2+ 47. Kf3 Rc2 48. Rg6 Rc3+ 49. Kg4 Rc4+ 50. Kg3 Rc3+ 51. Kh2 Rc2 52.
Rxf6 Rc4 53. Bxh6 Re4 54. Rf5 Kc6 55. Bg7 Kd5 56. Rxe5+ Rxe5 57. Bxe5 Kxe5 58.
Kg3 Kf5 59. Kf3 Kg5 60. Kg3 Kh5 61. Kf4 Kg6 62. g4 Kf6 63. h4 Kg6 64. Ke5 Kh6
65. f4 Kg6 66. Ke6 Kg7 67. h5 Kh6 68. Kf6 Kh7 69. Kg5 Kg7 70. f5 Kf7 71. h6 Kg8
72. f6 Kh7 73. f7 Kh8 74. f8=Q+ Kh7 75. Qg7# 1-0

[Event "Barber/Rockefeller Qualifier"]
[Site "Chess.com"]
[Date "2020.04.12"]
[Round "?"]
[White "Saravanan, Sujan"]
[Black "Tran, Nugen"]
[Result "1-0"]
[WhiteElo "1529"]
[BlackElo "1344"]
[PlyCount "63"]
[EventDate "2020.??.??"]

1. e4 e5 2. Nf3 Nc6 3. Bb5 a6 4. Ba4 Nf6 5. O-O b5 6. Bb3 Be7 7. c3 d6 8. Re1
O-O 9. h3 Nb8 10. d4 Nbd7 11. Bg5 Bb7 12. d5 Nb6 13. Nbd2 h6 14. Bh4 Nfxd5 15.
Bxd5 Nxd5 16. Bxe7 Nxe7 17. c4 bxc4 18. Nxc4 Nc6 19. Qc2 Qd7 20. Rad1 Nb4 21.
Qb3 a5 22. a3 Bc6 23. Qc3 Na6 24. Ncxe5 dxe5 25. Rxd7 Bxd7 26. Nxe5 Be6 27. f4
Rfd8 28. f5 Bd7 29. Rd1 Ba4 30. Rxd8+ Rxd8 31. Qc4 Rd1+ 32. Kh2 1-0

[Event "Barber/Rockefeller Qualifier"]
[Site "Chess.com"]
[Date "2020.04.12"]
[Round "?"]
[White "Saravanan, Sujan"]
[Black "Liu, Yuntao"]
[Result "1-0"]
[WhiteElo "1529"]
[BlackElo "1408"]
[PlyCount "97"]
[EventDate "2020.??.??"]

1. e4 e5 2. Nf3 Nc6 3. Bb5 a6 4. Ba4 Nf6 5. O-O b5 6. Bb3 Bc5 7. c3 Bb6 8. d4
d6 9. dxe5 dxe5 10. Qxd8+ Nxd8 11. Nxe5 Nxe4 12. Be3 Bxe3 13. fxe3 O-O 14. Rf4
Nf6 15. Nd2 Ne6 16. Bxe6 Bxe6 17. b3 Rfe8 18. Ndf3 Nd5 19. Rh4 Nxe3 20. Kf2 Nd5
21. c4 bxc4 22. bxc4 Nf6 23. g4 Rab8 24. g5 Nd7 25. Nc6 Rb2+ 26. Kg3 Bxc4 27.
Rxc4 Ree2 28. Rd4 Nf8 29. Rd8 g6 30. Rc8 Rg2+ 31. Kh3 Kg7 32. Rxc7 Ne6 33. Ra7
Nf4+ 34. Kh4 h5 35. Nce5 Rbe2 36. Rxf7+ Kg8 37. Rxf4 Rgf2 38. Rd1 Rxe5 39. Kg3
Ree2 40. Rd8+ Kg7 41. Rc4 Rg2+ 42. Kh3 Rc2 43. Rcd4 Kf7 44. R4d7+ Ke6 45. Nd4+
Ke5 46. Re8+ Kf4 47. Rf7+ Kxg5 48. Nf3+ Kh6 49. Rh8# 1-0

[Event "Barber/Rockefeller Qualifier"]
[Site "Chess.com"]
[Date "2020.04.11"]
[Round "?"]
[White "Arul, Sharvesh"]
[Black "Seth, Shreshth"]
[Result "1-0"]
[WhiteElo "1227"]
[BlackElo "1520"]
[PlyCount "47"]
[EventDate "2020.??.??"]

1. e4 e6 2. Nf3 d5 3. e5 c5 4. Be2 Nc6 5. c3 Qb6 6. d4 Nge7 7. O-O Nf5 8. Be3
Nxe3 9. fxe3 Qxb2 10. Ng5 Qxa1 11. Qc2 cxd4 12. exd4 Nxd4 13. Qd2 Nxe2+ 14.
Qxe2 Ba3 15. Nxf7 Rf8 16. Nxa3 Qxc3 17. Nd6+ Ke7 18. Rxf8 Kxf8 19. Qf2+ Ke7 20.
Qf7+ Kd8 21. Qe8+ Kc7 22. Nab5+ Kb6 23. Nxc3 d4 24. Na4+ 1-0

[Event "Barber/Rockefeller Qualifier"]
[Site "Chess.com"]
[Date "2020.04.11"]
[Round "?"]
[White "Seth, Shreshth"]
[Black "Ma, Lucas"]
[Result "1-0"]
[WhiteElo "1520"]
[BlackElo "1372"]
[PlyCount "117"]
[EventDate "2020.??.??"]

1. d4 d5 2. c4 e6 3. Nc3 Nf6 4. Bg5 Be7 5. e3 O-O 6. Nf3 Nbd7 7. Bd3 b6 8. Qc2
h6 9. Bh4 Bb7 10. cxd5 exd5 11. O-O Rc8 12. Bg3 c5 13. b3 Re8 14. Nb5 cxd4 15.
Qd2 dxe3 16. fxe3 Bc5 17. Rfe1 Ng4 18. Nfd4 a6 19. Nd6 Bxd6 20. Bxd6 Qf6 21.
Bf4 Qd8 22. Nf5 Rb8 23. Bxb8 Qxb8 24. Ng3 h5 25. Bf5 Ndf6 26. Qe2 Rxe3 27. Qd2
Rxe1+ 28. Rxe1 a5 29. Qe2 Ba6 30. Qxa6 g6 31. Qc8+ Qxc8 32. Bxc8 Nh6 33. Rd1
Kf8 34. Bb7 Ke7 35. Bxd5 Nxd5 36. Rxd5 Ke6 37. Rb5 Kd7 38. Rxb6 Kc7 39. Rf6 Kd7
40. Kf2 Ke7 41. Ra6 Kd7 42. Rxa5 Kc7 43. b4 Kb6 44. h3 Kb7 45. Rf5 Nxf5 46.
Nxf5 gxf5 47. a3 Kb6 48. Ke3 Kb5 49. g3 f6 50. Kf4 Ka4 51. Kxf5 Kxa3 52. b5 Ka4
53. b6 Ka5 54. b7 Ka6 55. b8=Q Ka5 56. Ke4 Ka4 57. Kd4 Ka3 58. Kc3 Ka2 59. Qb2#
1-0

[Event "Barber/Rockefeller Qualifier"]
[Site "Chess.com"]
[Date "2020.04.12"]
[Round "?"]
[White "Seth, Shreshth"]
[Black "Wang, Ted"]
[Result "0-1"]
[WhiteElo "1520"]
[BlackElo "1280"]
[PlyCount "108"]
[EventDate "2020.??.??"]

1. d4 Nf6 2. c4 g6 3. Nc3 Bg7 4. e4 O-O 5. Nf3 d6 6. Be3 Nbd7 7. Qd2 c5 8. d5
Ng4 9. h3 Nge5 10. Nxe5 Nxe5 11. Bh6 Qb6 12. b3 Qb4 13. Bxg7 Kxg7 14. Nb5 Qxd2+
15. Kxd2 Bd7 16. Nc3 f5 17. Ke1 f4 18. f3 g5 19. h4 g4 20. Ke2 h5 21. Nd1 Rf6
22. Nf2 Rg6 23. Nd3 gxf3+ 24. gxf3 Rg3 25. Nxe5 dxe5 26. Kf2 Kf7 27. Rg1 Rag8
28. Be2 Rxg1 29. Rxg1 Rxg1 30. Kxg1 Ke8 31. Bf1 Kd8 32. Kh2 Kc7 33. a3 a5 34.
Kg2 a4 35. bxa4 Bxa4 36. Bd3 Kb6 37. Kf2 Ka5 38. Ke2 Bb3 39. Kd2 Ka4 40. Kc3
Kxa3 41. Bf1 Bd1 42. Bg2 Ka4 43. Bh1 b5 44. Bg2 b4+ 45. Kb2 b3 46. Bh1 Kb4 47.
Bg2 Kxc4 48. Bh1 Kb4 49. Bg2 c4 50. Kc1 c3 51. Kxd1 c2+ 52. Kd2 Ka3 53. Kc1 Ka2
54. Kd2 Kb2 0-1

[Event "Barber/Rockefeller Qualifier"]
[Site "Chess.com"]
[Date "2020.04.11"]
[Round "?"]
[White "Shih, Tai"]
[Black "Zhang, Michael"]
[Result "1-0"]
[WhiteElo "1483"]
[BlackElo "1203"]
[PlyCount "73"]
[EventDate "2020.??.??"]

1. c4 e5 2. Nc3 Nf6 3. g3 Nc6 4. Bg2 Bc5 5. e3 d6 6. Nge2 O-O 7. O-O Re8 8. d4
exd4 9. exd4 Bb6 10. b3 Bg4 11. h3 Bxe2 12. Nxe2 h6 13. Bb2 Re7 14. Nf4 Qd7 15.
Qd2 Ba5 16. Qd3 Rae8 17. d5 Nb8 18. Qd4 Bb6 19. Qc3 Re3 20. fxe3 Rxe3 21. Qb4
Rxb3+ 22. Qxb6 Rxb6 23. Bxf6 gxf6 24. Nh5 Qd8 25. Nxf6+ Kh8 26. Rae1 Kg7 27.
Re8 Qxe8 28. Nxe8+ Kg6 29. Be4+ f5 30. Rxf5 Nd7 31. Rf1+ Kh5 32. Ng7+ Kg5 33.
h4+ Kg4 34. Kh2 Rb2+ 35. Bg2 Rxg2+ 36. Kxg2 Ne5 37. Rf4# 1-0

[Event "Barber/Rockefeller Qualifier"]
[Site "Chess.com"]
[Date "2020.04.12"]
[Round "?"]
[White "Shih, Tai"]
[Black "Wang, Ted"]
[Result "0-1"]
[WhiteElo "1483"]
[BlackElo "1280"]
[PlyCount "74"]
[EventDate "2020.??.??"]

1. c4 e5 2. Nc3 Nf6 3. g3 d5 4. cxd5 Nxd5 5. Bg2 Nb6 6. Nf3 Nc6 7. O-O Be7 8.
d3 Bg4 9. h3 Bh5 10. g4 Bg6 11. Be3 O-O 12. Qb3 Kh8 13. Rad1 f5 14. d4 e4 15.
Ne5 Nxe5 16. dxe5 Qe8 17. Nd5 Nxd5 18. Qxd5 c6 19. Qd7 f4 20. Bc1 Rb8 21. Qd4
c5 22. Qc4 f3 23. Bh1 b5 24. Qd5 fxe2 25. Bxe4 exd1=Q 26. Rxd1 Rd8 27. Qb3
Rxd1+ 28. Qxd1 Bxe4 29. Qe2 Qf7 30. Bd2 Qf3 31. Qf1 Bd3 32. Qg2 Qd1+ 33. Kh2
Qxd2 34. e6 Rxf2 35. Kg3 Rxg2+ 36. Kf3 Qe2+ 37. Kf4 Qe4# 0-1

[Event "Barber/Rockefeller Qualifier"]
[Site "Chess.com"]
[Date "2020.04.12"]
[Round "?"]
[White "Sripathi, Prajna"]
[Black "Shih, Tai"]
[Result "1-0"]
[WhiteElo "1351"]
[BlackElo "1483"]
[PlyCount "127"]
[EventDate "2020.??.??"]

1. e4 c5 2. Nf3 Nc6 3. Nc3 g6 4. Bc4 e6 5. d3 Bg7 6. Bd2 Nge7 7. O-O O-O 8. Rb1
d5 9. exd5 exd5 10. Bb3 Bg4 11. Bg5 h6 12. h3 Bxf3 13. Bxe7 Bxd1 14. Bxd8 Bxc2
15. Bxc2 Raxd8 16. Rfe1 Nd4 17. Rbc1 Nxc2 18. Rxc2 d4 19. Ne4 b6 20. Ng3 Rfe8
21. Rce2 Kf8 22. Kf1 Rxe2 23. Rxe2 Re8 24. b3 Rxe2 25. Kxe2 Ke7 26. Kf3 Kd6 27.
Ke4 f5+ 28. Kf3 Ke5 29. Ne2 Bf6 30. g3 g5 31. g4 f4 32. Ng1 Kd5 33. a4 Bd8 34.
Ke2 a6 35. Kd2 b5 36. axb5 axb5 37. Kc2 Ba5 38. Nf3 c4 39. h4 Bd8 40. hxg5 hxg5
41. Nd2 cxd3+ 42. Kxd3 Ba5 43. Nf3 Bd8 44. Nxd4 Bb6 45. Nxb5 Bxf2 46. Nc3+ Ke5
47. Ne4 Bh4 48. Nd2 Kd5 49. Nf3 Kc5 50. Ke4 Kb4 51. Nxh4 gxh4 52. Kxf4 Kxb3 53.
g5 Kc4 54. g6 h3 55. Kg3 Kd5 56. g7 Ke5 57. g8=Q h2 58. Kxh2 Kf6 59. Kg3 Kf5
60. Kh4 Kf6 61. Qe8 Kg7 62. Kg5 Kh7 63. Kf6 Kh6 64. Qg6# 1-0